000 00821nam a22002657a 4500
003 CHAP
005 20220329140540.0
008 971013s1979 r 00010 d
010 _a53743
011 _a54715
035 _a58866
040 _cCHAP
082 _a631.4
_bW44
100 0 0 _aWhite, R. E.
_9121710
245 _aIntroduction to the principles and practice of soil science
260 _aOxford :
_bBlackwell,
_c1979
300 _a198 p.
_b: ilus. ; grásf.
590 _aBATCH-UPD
_b10
_c20130110
_lUCH01
_h1427
590 _aCONVERSION
_b10
_c20130109
_lUCH01
_h1329
650 1 4 _aSuelos.
_9110191
901 _aBK
942 _cLIBRO
949 _a631.4 W44
_bBC
_cLIBRO
_d33724000064721
_eLIBRO
_fc.2
_h48400
_i58866
_si
_t576.00
949 _a631.4 W44
_bBC
_cLIBRO
_d33724000064754
_eLIBRO
_h42207
_i58866
_si
_t576.00
999 _c53743
_d53743